000 01621nam0a2200373 4500
001 RU\NLR\bibl\1831504
005 20260406024048.0
010 _a978-5-4357-0028-2
_916050
021 _aRU
_b2011-82487
_95882
035 _a(nilc)RSL-KNO-005063563
035 _a(NLR Aleph) 001822005
090 _a2018848
_c2018848
100 _a20111024d2011 |||y0rusy50 ca
101 1 _arus
_ceng
102 _aRU
105 _aa |||||||||
200 1 _aДомашняя оранжерея
_e[иллюстрированный справочник]
_fред. Кэри Томас
_g[пер. с англ. Н. Габриелян
_gнауч. ред.: к.б.н. И.А. Паутова]
210 _aСанкт-Петербург
_cПетроглиф
_cМосковский комсомолец
_d2011
215 _a63 с.
_cцв. ил.
_d25
225 1 _aНаш сад
_v28
606 1 _aКонтейнерное растениеводство декоративное
_jСправочники
_xСезонные аспекты
_92100506
_3RU\NLR\auth\661574023
606 1 _aКомнатное цветоводство
_jСправочники
_91344292
_3RU\NLR\auth\66560763
686 _aП273.2,0
_2rubbk
686 _aП145.9я2
686 _aП274-455.5я2
702 1 _4340
_8rus
_7ca
_aТомас
_bК.
_cрастениевод
_gКэри
_3RU\NLR\auth\77125617
_9108542
702 1 _aПаутова
_bИ. А.
_gИрина Анатольевна
_4340
801 0 _aRU
_bRuMoRKP
_c20111024
_grcr
801 1 _aRU
_bРГБ
_c20111024
801 2 _aRU
_bNLR
_c20111110
_grcr
942 _cBOOK
980 _aNB
980 _aNBR